LEADER 01543nas 2200469-a 450 001 996207577503316 005 20240413030626.0 035 $a(CKB)991042751334650 035 $a(CONSER)sn-94002962- 035 $a(EXLCZ)99991042751334650 100 $a19940825b19941996 --- a 101 0 $aeng 181 $ctxt$2rdacontent 182 $cc$2rdamedia 183 $acr$2rdacarrier 200 10$aCase reports $eclinical studies in extracorporeal circulation 210 $aHouston, Tex. $cPREF Press$d1994- 215 $a1 online resource 311 $aPrint version: Case reports (Houston, Tex.) (DLC)sn 94002962 (OCoLC)31003590 1078-148X 517 3 $aClinical studies in extracorporeal circulation 531 0 $aCase rep. 606 $aBlood$xCirculation, Artificial 606 $aPerfusion (Physiology) 606 $aExtracorporeal Circulation 606 $aPerfusion 606 $aBlood$xCirculation, Artificial$2fast$3(OCoLC)fst00834566 606 $aPerfusion (Physiology)$2fast$3(OCoLC)fst01057987 608 $aCase Reports. 608 $aPeriodicals. 615 0$aBlood$xCirculation, Artificial. 615 0$aPerfusion (Physiology) 615 2$aExtracorporeal Circulation. 615 2$aPerfusion. 615 7$aBlood$xCirculation, Artificial. 615 7$aPerfusion (Physiology) 676 $a616 712 02$aPerfusion Research and Education Foundation. 906 $aJOURNAL 912 $a996207577503316 920 $aexl_impl conversion 996 $aCase reports$92241850 997 $aUNISA LEADER 01913nas 2200565-a 450 001 996214112503316 005 20240413030300.0 011 $a2013-1453 035 $a(CKB)991042730685606 035 $a(CONSER)---90655649- 035 $a(DE-599)ZDB2621486-6 035 $a(EXLCZ)99991042730685606 100 $a19880615b19832012 -b- b 101 0 $acat 181 $ctxt$2rdacontent 182 $cc$2rdamedia 183 $acr$2rdacarrier 200 00$aRevista de llengua i dret 210 $aBarcelona $cEscola d'Administració Pública de Catalunya, Generalitat de Catalunya 215 $a1 online resource 311 08$aPrint version: Revista de llengua i dret. 0212-5056 (DLC) 90655649 (OCoLC)18095476 517 3 $aLlengua i dret 606 $aCatalan philology$vPeriodicals 606 $aLanguage policy$zSpain$vPeriodicals 606 $aLanguage policy$vPeriodicals 606 $aDroit$xLangage$vPériodiques 606 $aDroit$zEspagne$zCatalogne$vPériodiques 606 $aCatalan philology$2fast$3(OCoLC)fst00848617 606 $aLanguage and languages$xLaw and legislation$2fast$3(OCoLC)fst00992180 606 $aLanguage policy$2fast$3(OCoLC)fst00992402 606 $aRechtstaal$2gtt 607 $aSpain$xLanguages$xLaw and legislation$vPeriodicals 607 $aSpain$2fast 608 $aPeriodicals.$2fast 608 $aPeriodicals.$2lcgft 615 0$aCatalan philology 615 0$aLanguage policy 615 0$aLanguage policy 615 6$aDroit$xLangage 615 6$aDroit 615 7$aCatalan philology. 615 7$aLanguage and languages$xLaw and legislation. 615 7$aLanguage policy. 615 17$aRechtstaal. 712 02$aEscola d'Administració Pública de Catalunya, 906 $aJOURNAL 912 $a996214112503316 920 $aexl_impl conversion 996 $aRevista de llengua i dret$91923540 997 $aUNISA